000 00584nam a2200229Ia 4500
008 160404s9999 xx 000 0 und d
020 _a971-12-0244-1
050 _aFIL HF 5667
050 _b.F75 2001
100 _aFrias, Solita A.
245 _aTextbook in auditing practice /
245 _cSolita A. Frias.
250 _a3rd Edition
260 _aManila :
260 _bGoodwill Tradaing Co., Inc.,
260 _c2001
300 _a436 pages :
300 _billustrations ;
300 _c26 cm.
500 _aIncludes index.
650 _aAuditing -- Philippines.
999 _c293234
_d293234